| 000 | 00734nam a22001337a 4500 | ||
|---|---|---|---|
| 040 | _cRUA | ||
| 082 | _aAGR SOV 2012 B052 Or.1 | ||
| 100 | _aSOV SINEN | ||
| 245 | _aInegrated cardi's technology on mungbean growing after wet season rice in tram kok takeoprovince,(ការផ្ទេរបង្គុំបច្ចេកទេសកាឌី លើដំណាំសណ្ដែកបាយក្រោយប្រមូលផលស្រូវរដូវវស្សា នៅស្រុកត្រំាកក់ ខេត្តតាកែវ) | ||
| 260 |
_aphnom penh _bRUA _c2012 |
||
| 300 |
_ax, 37p. _cill. |
||
| 856 | _uhttps://drive.google.com/file/d/1LQfEpofFGH3Ajg8cQt-j4Ma4PLf8oS01/view?usp=sharing | ||
| 942 | _cAGR | ||
| 999 |
_c1183 _d1183 |
||